[Event "Iceland-ch 2020"]
[Site "Gardabaer"]
[Date "2020.08.25"]
[Round "4.4"]
[White "Thorfinnsson, Bragi"]
[Black "Ragnarsson, Dagur"]
[Result "1/2-1/2"]
[WhiteElo "2427"]
[BlackElo "2396"]
[Annotator "TA"]
[PlyCount "102"]
[EventDate "2020.08.22"]
[EventCountry "ISL"]
[SourceTitle "playchess.com"]
[Source "ChessBase"]
[SourceQuality "1"]

{[%evp 9,102,0,0,0,0,0,0,0,0,0,0,-2,21,-15,19,-12,13,9,12,13,18,17,21,9,10,20,31,27,81,79,83,81,55,57,133,131,254,259,255,262,641,350,314,-47,-47,-59,-54,-117,-116,-318,-320,-267,-65,-80,-76,-76,-87,-89,-75,-86,-66,-65,0,0,0,0,0,-238,-238,-238,-239,-238,-238,-244,-213,-220,-204,-198,-175,-149,-140,-205,-170,-162,-169,-164,-154,-150,0,-147,0,-136,0,-136,-132]} 1. d4 Nf6 2. Bf4 d5 3. Nc3 c5 4. e3 cxd4 5. exd4 a6 6. Nf3 {B13: Caro-Kann: Exchange Variation and Panov-Botvinnik Attack.} Nc6 7. h3 Bf5 8. Bd3 {The position is equal.} Bg6 9. O-O e6 10. Re1 Bd6 {[#]} 11. Ne5 $146 ({Predecessor:} 11. Bg5 Be7 12. Bxg6 hxg6 13. Qd3 Nh5 14. Bxe7 Nxe7 15. Ne5 O-O 16. Ne2 Nc6 17. Rad1 Nxe5 18. dxe5 {1-0 (44) Mesa,T (2103)-Flete Ynoa,J (1904) Santo Domingo 2017}) 11... Rc8 12. Bg5 Be7 13. Nxg6 hxg6 14. Ne2 $1 Nh5 15. Bxe7 Qxe7 16. c3 Qh4 17. Qb3 Rb8 18. Qb6 g5 (18... O-O $11 {remains equal.}) 19. Bxa6 $1 $16 O-O 20. Bd3 f5 21. Qc7 f4 {[#]} (21... g4 $14) 22. f3 $1 g4 (22... Nf6 $16 23. Rad1 Rfc8) 23. hxg4 $18 Ng3 {intending ...Rf7.} 24. Nxf4 {[%mdl 64] Discovered Attack} Qh1+ 25. Kf2 Qh4 {White must now prevent ...Rxf4.} 26. Ng6 $2 (26. Nxe6 Ne4+ 27. Kg1 Qf2+ 28. Kh2 (28. Kh1 Rf7 $15) 28... Rf7 $15) (26. Nh3 $18 e5 27. dxe5 Ne4+ {[%mdl 64] Discovered Attack (Double check)} 28. Kg1) 26... Ne4+ $1 $15 {[%mdl 64] Discovered Attack (Double check)} 27. Kg1 Qf2+ 28. Kh2 (28. Kh1 $1 $15 Rf7 29. Qxb8+ Nxb8 30. fxe4) 28... Rf7 $17 29. Qxb8+ $2 ({Not} 29. Qb6 $2 Qg3+ 30. Kh1 (30. Kg1 $2 Ng5 $19) 30... Nf2+ 31. Kg1 Rxf3 $19) (29. Rxe4 $17 {might work better.} dxe4 30. Qd6 exd3 31. Qxe6) 29... Nxb8 $19 30. fxe4 {And now Re2 would win.} Qd2 $2 (30... Rf3 $1 $19 {[%cal Rf3d3]} 31. Re2 Qg3+ {[%mdl 64] Double Attack} 32. Kg1 Rxd3 33. exd5 Qxg4 34. Ne7+ Kh7) 31. Rad1 Qh6+ {[%mdl 64] Double Attack} 32. Kg1 {exd5 is the strong threat.} Qxg6 33. exd5 Qf6 34. dxe6 Qf2+ {[%mdl 64] Double Attack} 35. Kh2 Qh4+ ({Black should play} 35... Rf6 $1 $15 36. g5 Rf4) 36. Kg1 $11 Qf2+ 37. Kh2 Rf6 $40 {[%cal Rf6h6][%mdl 128] White needs to defend precisely.} 38. Re5 $2 (38. g5 $11 Rf4 39. Bf5 Rh4+ 40. Bh3) 38... Nc6 $19 39. Rf5 Qh4+ ({Worse is} 39... Qxb2 40. Rxf6 gxf6 41. d5 $11) 40. Kg1 Qxg4 41. Rdf1 Ne7 42. Rxf6 gxf6 43. Rxf6 Qg3 44. Bc4 {[#]} b5 $1 {[%mdl 1536] Black has strong compensation.} 45. Bb3 (45. Bxb5 $17 Qg5 46. Rf7) 45... Qe1+ 46. Rf1 Qe3+ 47. Kh2 Qh6+ 48. Kg1 Qe3+ 49. Kh2 Qh6+ 50. Kg1 Qe3+ 51. Kh2 Ng6 {Accuracy: White = 73%, Black = 65%.} 1/2-1/2

[Event "Iceland-ch 2020"]
[Site "Gardabaer"]
[Date "2020.08.25"]
[Round "4.5"]
[White "Jonsson, Gauti Pall"]
[Black "Thorfinnsson, Bjorn"]
[Result "1/2-1/2"]
[WhiteElo "2046"]
[BlackElo "2387"]
[Annotator "ChessBase"]
[PlyCount "82"]
[EventDate "2020.08.22"]
[EventCountry "ISL"]
[SourceTitle "playchess.com"]
[Source "ChessBase"]
[SourceQuality "1"]
[TimeControl "30/5400+30:900+30"]

1. d4 {[%emt 0:00:00]} Nf6 {[%emt 0:00:09]} 2. c4 {[%emt 0:00:14]} b6 {[%emt 0:00:07]} 3. Nc3 {[%emt 0:00:57]} Bb7 {[%emt 0:00:14]} 4. Qc2 {[%emt 0:01:32]} d5 {[%emt 0:05:17]} 5. cxd5 {[%emt 0:02:03]} Nxd5 {[%emt 0:00:09]} 6. e4 {[%emt 0:00:55]} Nxc3 {[%emt 0:00:45]} 7. bxc3 {[%emt 0:00:30]} e5 {[%emt 0:02:34]} 8. Bb5+ {[%emt 0:02:50]} Bc6 {[%emt 0:05:05]} 9. Bxc6+ {[%emt 0:05:36]} Nxc6 {[%emt 0:00:05]} 10. Nf3 {[%emt 0:06:37]} Bd6 {[%emt 0:03:24]} 11. O-O {[%emt 0:04:32]} O-O {[%emt 0:01:02]} 12. Bg5 {[%emt 0:08:54]} Qe8 {[%emt 0:04:20]} 13. Rad1 {[%emt 0:05:52]} f6 {[%emt 0:04:53]} 14. Be3 {[%emt 0:03:37]} Rd8 {[%emt 0:08:03]} 15. Rfe1 {[%emt 0:07:05]} Qf7 {[%emt 0:02:29]} 16. Qa4 {[%emt 0:02:02]} Na5 {[%emt 0:01:40]} 17. dxe5 {[%emt 0:06:25]} Bxe5 {[%emt 0:01:58]} 18. Nxe5 {[%emt 0:02:15]} fxe5 {[%emt 0:00:06]} 19. Rxd8 {[%emt 0:00:37]} Rxd8 {[%emt 0:00:12]} 20. Rd1 {[%emt 0:00:16]} Rxd1+ {[%emt 0:01:44]} 21. Qxd1 {[%emt 0:00:08]} Nc6 {[%emt 0:00:29]} 22. Qa4 {[%emt 0:01:13]} Qe6 {[%emt 0:00:20]} 23. Qa6 {[%emt 0:01:10]} Kf7 {[%emt 0:00:49]} 24. Qb7 {[%emt 0:01:26]} Qd7 {[%emt 0:01:02]} 25. h3 {[%emt 0:00:27]} h6 {[%emt 0:01:32]} 26. Kh2 {[%emt 0:01:22]} Ke7 {[%emt 0:01:27]} 27. Qa8 {[%emt 0:02:38]} Qe8 {[%emt 0:00:05]} 28. Qb7 {[%emt 0:00:34]} Kd7 {[%emt 0:00:11]} 29. f4 {[%emt 0:05:38]} Qe6 {[%emt 0:00:27]} 30. Qa8 {[%emt 0:02:55]} exf4 {[%emt 0:00:21]} 31. Bxf4 {[%emt 0:15:08]} Qxe4 {[%emt 0:15:13]} 32. Qf8 {[%emt 0:03:00]} Qg6 {[%emt 0:00:07]} 33. Bg3 {[%emt 0:03:15]} a5 {[%emt 0:00:12]} 34. Qf4 {[%emt 0:00:24]} Ne7 {[%emt 0:05:03]} 35. Qxc7+ {[%emt 0:00:58]} Ke8 {[%emt 0:00:04]} 36. Bd6 {[%emt 0:01:40]} Qf6 {[%emt 0:01:34]} 37. Qxb6 {[%emt 0:02:54]} Qxc3 {[%emt 0:00:18]} 38. Qb7 {[%emt 0:02:27]} Qf6 {[%emt 0:02:43]} 39. Bxe7 {[%emt 0:01:36]} Qe5+ {[%emt 0:00:05]} 40. Kg1 {[%emt 0:00:00]} Qe1+ {[%emt 0:00:00]} 41. Kh2 {[%emt 0:00:00]} Qe5+ {[%emt 0:00:00]} 1/2-1/2

[Event "Iceland-ch 2020"]
[Site "Gardabaer"]
[Date "2020.08.26"]
[Round "5.1"]
[White "Thorfinnsson, Bjorn"]
[Black "Gretarsson, Hjorvar Steinn"]
[Result "0-1"]
[WhiteElo "2387"]
[BlackElo "2579"]
[Annotator "TA"]
[PlyCount "64"]
[EventDate "2020.08.22"]
[EventCountry "ISL"]
[SourceTitle "playchess.com"]
[Source "ChessBase"]
[SourceQuality "1"]

{[%evp 19,64,15,27,20,34,31,41,9,0,-13,44,47,31,20,39,11,34,18,27,0,0,0,0,0,0,0,0,-4,-31,-399,-372,-354,-393,-383,-381,-357,-383,-360,-325,-327,-285,-696,-702,-733,-722,-6199,-6189]} 1. d4 Nf6 2. c4 g6 3. Nc3 d5 4. cxd5 Nxd5 5. e4 Nxc3 6. bxc3 Bg7 7. Be3 c5 8. Rc1 Qa5 9. Qd2 O-O 10. Nf3 Nd7 11. Bd3 {D85: Exchange Grünfeld: Unusual White 7th moves and lines with 7 Nf3.} e5 12. d5 f5 13. exf5 {White is slightly better.} gxf5 {Strongly threatening ...e4.} 14. Bh6 {Qg5! is the strong threat.} Qd8 (14... e4 $11 15. Bxg7 Kxg7) 15. Bxg7 $14 Kxg7 {[#]} 16. Ng5 $146 {aiming for Ne6+.} ({Predecessor:} 16. c4 e4 17. Ng5 Ne5 18. Be2 Qf6 19. g3 b5 20. cxb5 c4 21. O-O Bd7 22. f3 {1-0 (52) Stone,R (2345)-Bailey,D (2355) Toronto 1989}) 16... Nf6 17. c4 h6 18. Nh3 $1 f4 19. f3 Bxh3 $1 20. gxh3 Qd7 21. Qg2+ Kh8 22. Qg6 Qxh3 {Hoping for ...e4!} 23. Rg1 {[%csl Gg1][%cal Rg6g7]} Qh4+ 24. Kd2 $2 {[%mdl 8192] This move loses the game for White.} (24. Kf1 $1 $15 Rg8 25. Qf5) 24... Rg8 $19 25. Qf5 Rxg1 ({Worse is} 25... Qxh2+ 26. Kc3 $11) 26. Rxg1 {Black must now prevent Rg4!} Qxh2+ {[%mdl 64] [#] Double Attack} (26... Qf2+ $2 27. Be2 $19) 27. Be2 Qxg1 28. Qxf6+ Qg7 29. Qe6 Rg8 30. Kc3 $2 (30. Bf1) 30... Qg6 {Black is clearly winning.} 31. Qe7 {[#]} e4 $1 32. Kb3 (32. Qxe4 Qxe4) 32... exf3 {Accuracy: White = 52%, Black = 95%.} 0-1

[Event "Iceland-ch 2020"]
[Site "Gardabaer"]
[Date "2020.08.26"]
[Round "5.2"]
[White "Ragnarsson, Dagur"]
[Black "Jonsson, Gauti Pall"]
[Result "1-0"]
[WhiteElo "2396"]
[BlackElo "2046"]
[Annotator "TA"]
[PlyCount "81"]
[EventDate "2020.08.22"]
[EventCountry "ISL"]
[SourceTitle "playchess.com"]
[Source "ChessBase"]
[SourceQuality "1"]

{[%evp 18,81,16,26,29,13,15,18,12,0,20,20,16,15,23,16,6,-35,-29,-94,-95,-95,-16,-95,-95,-87,-89,-92,-86,-179,-181,-155,-159,-158,0,-252,578,741,736,727,720,718,697,691,1545,1723,1751,1657,1665,1587,1554,1548,1733,1759,1672,1716,2459,2017,12838,12839,12835,10353,12845,12842,12843,12843]} 1. d4 Nf6 2. c4 g6 3. Nf3 Bg7 4. g3 O-O 5. Bg2 d6 6. O-O Nc6 7. Nc3 e5 8. h3 exd4 9. Nxd4 Nxd4 10. Qxd4 Be6 {E62: King's Indian: Fianchetto: 6...c6 and Panno Variation (6...Nc6) without ...a6.} 11. Qd3 Nd7 12. b3 Nc5 {The position is equal.} 13. Qd2 a5 14. Ba3 {[#]} Qc8 $146 ({Predecessor:} 14... a4 15. b4 Nd7 16. Rac1 c6 17. Nd5 cxd5 18. cxd5 Bf5 19. e4 Bxe4 20. Bxe4 f5 {1-0 (27) Radulov,I (2405)-Vandoros,D (2270) Corfu 1991}) 15. Kh2 a4 16. b4 Nd7 $36 {[%mdl 2048] Black has some pressure.} 17. c5 Ne5 18. Rad1 (18. Qc2 $11) 18... Nc4 $17 19. Qc1 dxc5 (19... Nxa3 $17 20. Qxa3 dxc5 21. bxc5 Bxc3 22. Qxc3 Bxa2) 20. bxc5 (20. Nd5 $11 Bxd5 21. Rxd5 Nxa3 22. Rxc5) 20... Nxa3 21. Qxa3 Bxc3 $1 22. Qxc3 Bxa2 23. f4 (23. Qb4 $17) 23... Bb3 $19 24. Rd4 Qe6 25. f5 Qxe2 $2 (25... Qe5 $1 $17 {Strongly threatening ...Rfe8.} 26. Bxb7 Rab8) 26. Qc1 $2 {[%mdl 8192]} (26. fxg6 $11 {and White has nothing to worry.} fxg6 27. Rxf8+ (27. Rd7 Rf7 $15) 27... Rxf8 28. Rd7) 26... Rad8 $4 {[%mdl 8192] [#]} (26... Rae8 $19 {Threatens to win with ...Qe3.} 27. Qh6 Qh5 28. Qxh5 gxh5) 27. f6 $1 $18 {[%mdl 512] White wants to mate with Qh6!White is clearly winning.} Qh5 {[#]} 28. Rh4 $1 {[%cal Rh4h5]} Qxh4 29. gxh4 {Threatening mate with Qh6.} Kh8 30. Bxb7 Rd4 {[#]} 31. h5 $1 Rh4 (31... gxh5 32. Rg1) 32. Bf3 Be6 33. Re1 {Qh6! would kill now.} a3 34. Qxa3 Rxh3+ 35. Kg2 Bf5 36. Rh1 Rxh1 37. Kxh1 gxh5 38. Bxh5 Be4+ 39. Bf3 Ra8 40. Qxa8+ Bxa8 41. Bxa8 {Accuracy: White = 79%, Black = 59%.} 1-0

[Event "Iceland-ch 2020"]
[Site "Gardabaer"]
[Date "2020.08.26"]
[Round "5.3"]
[White "Kjartansson, Gudmundur"]
[Black "Thorfinnsson, Bragi"]
[Result "1-0"]
[WhiteElo "2466"]
[BlackElo "2427"]
[Annotator "TA"]
[PlyCount "83"]
[EventDate "2020.08.22"]
[EventCountry "ISL"]
[SourceTitle "playchess.com"]
[Source "ChessBase"]
[SourceQuality "1"]

{[%evp 21,83,31,60,64,56,-14,0,0,0,0,34,46,68,55,53,66,70,80,130,147,100,35,113,118,105,95,144,68,145,147,207,222,208,217,212,233,216,230,227,231,270,290,309,8,5,6,501,473,525,497,1904,1797,1740,1830,1710,1585,1487,1343,6604,6119,6103,5425,6087,6087]} 1. d4 Nf6 2. c4 c5 3. d5 g6 4. Nc3 Bg7 5. e4 O-O 6. Nf3 d6 7. h3 e6 8. Bd3 Nbd7 9. Be3 exd5 10. exd5 Re8 11. O-O Nh5 12. Qd2 {E90: King's Indian: Classical: Early deviations and 6 h3.} f5 {[#]} 13. g4 $146 ({White should try} 13. Bg5 $14 Bf6 14. Bxf6 Qxf6 15. Nb5) ({Predecessor:} 13. Bg5 Bf6 14. Bxf6 Nhxf6 15. Ng5 Ne5 16. Be2 h6 17. f4 Nxc4 18. Bxc4 hxg5 19. fxg5 Nd7 20. Bb5 a6 21. Bxd7 Bxd7 22. Rae1 Qb6 23. Rf2 Qb4 24. Rfe2 Rxe2 25. Rxe2 Re8 {½-½ (25) Stephan,V (2358)-Haub,T (2404) Avoine 2019}) 13... fxg4 $11 14. hxg4 {The position is equal.} Ne5 15. Nxe5 Bxe5 16. Bg5 ({Don't blunder} 16. gxh5 $2 Bh2+ 17. Kg2 (17. Kh1 $2 Qh4 $19) 17... Qh4 $19) 16... Qd7 17. f3 $1 Bd4+ 18. Kg2 $1 {Strongly threatening Rfe1.} Rf8 $1 {[%cal Rf8f3]} 19. Be2 $1 Be5 20. f4 $1 $36 {[%cal Rf4e5][%mdl 2048] White is in control.} Bd4 21. Ne4 (21. Rae1 $16) 21... Re8 (21... Nf6 $14 22. Nxf6+ Bxf6) 22. Qd3 $16 b5 23. cxb5 Rb8 24. Rh1 ({Wrong is} 24. gxh5 $2 Rxe4 25. f5 gxf5 $19) ({Better is} 24. Rfe1 $16) 24... Ng7 (24... Qg7 $1 $14) 25. a4 Bb7 {[#]} (25... h5 $16) 26. Qxd4 $1 $18 {[%mdl 576] Remove Defender} cxd4 27. Nf6+ {[%mdl 64] Double Attack} Kf7 28. Nxd7 Rxe2+ {[#]} 29. Kf1 $1 {[%cal Rf1e2]} Rbe8 {[#]} 30. Ne5+ $1 {[%mdl 512]} dxe5 31. Kxe2 Bxd5 32. Kd3 $2 (32. Rxh7 $18 {aiming for Bh6.} exf4+ 33. Kd3) 32... Bxh1 $11 33. Rxh1 {[%mdl 4096] Endgame fxe5 is the strong threat. KRB-KRN} Ne6 $2 {[%mdl 8192] A mistake that costs the game.} (33... e4+ $1 $11 {and Black stays safe.} 34. Kxd4 h5) 34. Rxh7+ $18 {White is clearly winning.} Kg8 35. Rxa7 Nxg5 (35... e4+ $142 36. Kxe4 Nxg5+ 37. Kxd4 Ne6+ 38. Ke5 Nd8+ 39. Kd6 Nf7+ 40. Kd7 Rd8+ 41. Kc7 Rd2) 36. fxg5 {KR-KR} e4+ 37. Kxd4 e3 {[#]} 38. Rc7 $1 ({Avoid the trap} 38. Ra6 $2 e2 $19) 38... e2 39. Rc1 e1=Q 40. Rxe1 Rxe1 41. b6 Kf7 42. b7 {Accuracy: White = 71%, Black = 42%.} 1-0

[Event "Iceland-ch 2020"]
[Site "Gardabaer"]
[Date "2020.08.26"]
[Round "5.4"]
[White "Stefansson, Vignir Vatnar"]
[Black "Gretarsson, Helgi Ass"]
[Result "0-1"]
[WhiteElo "2301"]
[BlackElo "2401"]
[Annotator "ChessBase"]
[PlyCount "86"]
[EventDate "2020.08.22"]
[EventCountry "ISL"]
[SourceTitle "playchess.com"]
[Source "ChessBase"]
[SourceQuality "1"]
[TimeControl "30/5400+30:900+30"]

1. d4 {[%emt 0:00:00]} d5 {[%emt 0:00:00]} 2. Bf4 {[%emt 0:01:18]} c5 {[%emt 0:00:06]} 3. e3 {[%emt 0:00:05]} Nc6 {[%emt 0:00:07]} 4. c3 {[%emt 0:01:09]} Bf5 {[%emt 0:02:53]} 5. Nf3 {[%emt 0:01:40]} Qb6 {[%emt 0:03:15]} 6. Qb3 {[%emt 0:06:46]} c4 {[%emt 0:35:20]} 7. Qxb6 {[%emt 0:00:22]} axb6 {[%emt 0:00:01]} 8. Nbd2 {[%emt 0:00:28]} b5 {[%emt 0:00:25]} 9. a3 {[%emt 0:00:28]} h6 {[%emt 0:04:08]} 10. Rc1 {[%emt 0:02:02]} e6 {[%emt 0:00:33]} 11. h3 {[%emt 0:03:25]} Nf6 {[%emt 0:00:25]} 12. g4 {[%emt 0:02:08]} Bh7 {[%emt 0:00:22]} 13. Bg2 {[%emt 0:02:51]} Nd7 {[%emt 0:03:53]} 14. Ne5 {[%emt 0:06:42]} Nb6 {[%emt 0:18:24]} 15. Nxc6 {[%emt 0:02:00]} bxc6 {[%emt 0:00:06]} 16. e4 {[%emt 0:00:20]} O-O-O {[%emt 0:13:42]} 17. O-O {[%emt 0:09:54]} c5 {[%emt 0:00:39]} 18. Be3 {[%emt 0:01:57]} Na4 {[%emt 0:01:56]} 19. Rb1 {[%emt 0:00:02]} g5 {[%emt 0:05:36]} 20. f4 {[%emt 0:02:02]} gxf4 {[%emt 0:00:11]} 21. Rxf4 {[%emt 0:00:09]} Bg6 {[%emt 0:12:11]} 22. Rf2 {[%emt 0:11:59]} e5 {[%emt 0:00:00]} 23. Rbf1 {[%emt 0:12:14]} Bg7 {[%emt 0:00:00]} 24. dxc5 {[%emt 0:03:56]} d4 {[%emt 0:00:00]} 25. cxd4 {[%emt 0:00:01]} exd4 {[%emt 0:00:00]} 26. Bf4 {[%emt 0:00:00]} Nxc5 {[%emt 0:00:00]} 27. Bg3 {[%emt 0:00:05]} Nd3 {[%emt 0:00:00]} 28. Rf5 {[%emt 0:04:32]} Bxf5 {[%emt 0:00:00]} 29. Rxf5 {[%emt 0:00:01]} c3 {[%emt 0:00:00]} 30. bxc3 {[%emt 0:00:01]} dxc3 {[%emt 0:00:00]} 31. Nb3 {[%emt 0:15:01]} c2 {[%emt 0:12:38]} 32. Rxb5 {[%emt 0:00:05]} Bd4+ {[%emt 0:00:18]} 33. Kf1 {[%emt 0:00:34]} c1=Q+ {[%emt 0:00:10]} 34. Nxc1 {[%emt 0:00:02]} Nxc1 {[%emt 0:00:04]} 35. e5 {[%emt 0:00:04]} Ba7 {[%emt 0:04:23]} 36. Bd5 {[%emt 0:03:11]} Rhe8 {[%emt 0:00:39]} 37. Bxf7 {[%emt 0:01:07]} Rd1+ {[%emt 0:00:16]} 38. Kg2 {[%emt 0:00:09]} Red8 {[%emt 0:00:08]} 39. Bf4 {[%emt 0:00:46]} Rg1+ {[%emt 0:01:09]} 40. Kh2 {[%emt 0:00:00]} Rdd1 {[%emt 0:00:00]} 41. Bc4 {[%emt 0:00:00]} Nd3 {[%emt 0:00:00]} 42. Bxd3 {[%emt 0:00:00]} Rxd3 {[%emt 0:00:00]} 43. Ra5 {[%emt 0:00:00]} Rb1 {[%emt 0:00:00]} 0-1

[Event "Iceland-ch 2020"]
[Site "Gardabaer"]
[Date "2020.08.26"]
[Round "5.5"]
[White "Thorhallsson, Throstur"]
[Black "Petursson, Margeir"]
[Result "1/2-1/2"]
[WhiteElo "2430"]
[BlackElo "2475"]
[Annotator "TA"]
[PlyCount "60"]
[EventDate "2020.08.22"]
[EventCountry "ISL"]
[SourceTitle "playchess.com"]
[Source "ChessBase"]
[SourceQuality "1"]

{[%evp 13,60,0,0,-17,-15,-12,-18,-5,-8,-45,-32,-61,-41,-58,-38,-57,-14,-14,-14,-14,-7,-8,-14,-6,-25,-47,-4,-7,0,0,0,0,0,0,0,-7,4,4,3,2,4,3,8,6,6,7,7,6,8]} 1. e4 c5 2. c3 d5 3. exd5 Qxd5 4. d4 g6 5. Nf3 Bg7 6. dxc5 Qxc5 7. Be3 Qc7 {[#]} 8. a4 $146 {B06: Modern Defence.} ({Predecessor:} 8. Na3 a6 9. Qa4+ Bd7 10. Qf4 Qxf4 11. Bxf4 Bc6 12. Ne5 Nf6 13. Nac4 Nd5 14. Bg3 O-O 15. Rd1 e6 16. Nxc6 Nxc6 {0-1 (51) Kazhgaleyev,M (2570)-Vakhidov,J (2518) Ashkhabad 2017}) 8... Nc6 9. Na3 Nh6 10. Nb5 $132 {[%mdl 2048] White is fighting back} Qb8 $1 11. h3 Nf5 12. Bg5 a6 (12... h6 $5 {[%cal Rh6g5]} 13. Bd2 a6 $15) 13. Na3 h6 14. Bd2 Be6 15. Bc4 Bxc4 16. Nxc4 b5 17. axb5 axb5 18. Rxa8 Qxa8 19. Na3 Qb7 20. Qb3 {The position is equal.} O-O {[#] ...Ne5 is the strong threat.} 21. Qxb5 Qxb5 22. Nxb5 Rb8 23. c4 Bxb2 24. g4 Nd6 25. Nxd6 exd6 26. Bxh6 Bg7 {[#] White must now prevent ...Rb1+.} 27. Bc1 Rb4 28. Ke2 Rxc4 29. Rd1 Rc2+ 30. Kf1 Ne5 {Accuracy: White = 86%, Black = 89%.} 1/2-1/2

[Event "Iceland-ch 2020"]
[Site "Gardabaer"]
[Date "2020.08.27"]
[Round "6.1"]
[White "Gretarsson, Hjorvar Steinn"]
[Black "Petursson, Margeir"]
[Result "0-1"]
[WhiteElo "2579"]
[BlackElo "2475"]
[Annotator "TA"]
[PlyCount "92"]
[EventDate "2020.08.22"]
[EventCountry "ISL"]
[SourceTitle "playchess.com"]
[Source "ChessBase"]
[SourceQuality "1"]

{[%evp 15,92,27,54,41,33,31,31,32,36,23,24,36,40,23,23,23,27,24,31,24,13,0,0,-16,-22,-6,0,0,0,-47,-47,-47,-53,-125,-125,-168,-130,-231,-236,-228,-241,-241,-237,-321,-327,-500,-434,-669,-611,-756,-735,-1151,-1158,-1377,-1391,-1377,-1357,-1316,-1319,-1551,-1514,-2210,-2073,-1520,-1517,-29974,-29976,-29957,-29953,-29986,-29987,-29988,-29989,-29989,-29986,-29994,-29995,-29996,-29997]} 1. d4 Nf6 2. c4 e6 3. Nf3 Bb4+ 4. Bd2 c5 5. Bxb4 cxb4 6. g3 O-O 7. Bg2 d6 8. O-O Re8 9. Qd2 {E11: Bogo-Indian.} a5 10. a3 Na6 11. axb4 {White is slightly better.} Nxb4 12. Nc3 Bd7 {[#]} 13. e4 $146 {And now e5 would win.} ({Predecessor:} 13. Rfc1 Bc6 14. Ne1 Qb6 15. Bxc6 Qxc6 16. b3 d5 17. Nf3 Ne4 18. Nxe4 dxe4 19. Ne5 {0-1 (60) Franco Alonso,A (2434)-Fedorchuk,S (2633) Linares 2017}) 13... e5 14. Rac1 Rc8 15. b3 b5 16. Nxb5 Nxe4 17. Qe3 exd4 18. Nfxd4 d5 19. Bxe4 Rxe4 20. Qd2 Bh3 21. Rfd1 dxc4 22. bxc4 h6 23. f3 Re5 $1 24. g4 (24. f4 $15 Rec5 25. Nb3 Qxd2 26. Rxd2 Rxc4 27. Rxc4 Rxc4 28. Nd6) 24... h5 $1 $17 25. Qf2 {aiming for Qg3.} Qf6 26. Qg3 (26. f4 $17 Rec5 27. g5) 26... hxg4 $19 27. fxg4 {[#]} Bxg4 $1 {[%mdl 512]} 28. Rf1 {[#]} (28. Qxg4 $2 Rg5 $19) 28... Qe7 $1 29. Rce1 {[#]} ({Don't blunder} 29. Qxg4 $2 Rg5 $19) 29... Rcc5 $1 30. Nb3 (30. Rxe5 $142 Rxe5 31. Nf3 (31. Qxg4 $2 Rg5 $19) 31... Bxf3 32. Qxf3) 30... Be2 {[%mdl 64] Double Attack} 31. Nxc5 (31. Rxe2 $142 Rxe2 32. Nxc5 Qxc5+ {[%mdl 64] Double Attack} 33. Kh1 Qxc4 34. Nd6 Rxh2+ {[%mdl 64] Discovered Attack} 35. Kxh2 Qxf1 36. Qe3) 31... Rg5 32. Ne4 Rxg3+ 33. Nxg3 Qc5+ {[%mdl 64] Double Attack} 34. Rf2 Bxc4 35. Nc3 {[#]} Nd3 $1 {[%mdl 64] Pin} 36. Re8+ Kh7 37. Nce4 Qb6 {[%mdl 64] Pin} 38. h4 Nxf2 39. Nxf2 a4 40. Ra8 Qb1+ {Black mates.} 41. Kh2 {[#]} Qb2 $1 42. Nge4 {[#]} Bd5 $1 43. Ng5+ {[#]} Kg6 $1 44. Ra6+ f6 45. Ngh3 Qe5+ 46. Kg1 Qg3+ {[%mdl 64] Double Attack. White did not feel at home in the position after the opening. Accuracy: White = 43%, Black = 100%.} 0-1

[Event "Iceland-ch 2020"]
[Site "Gardabaer"]
[Date "2020.08.27"]
[Round "6.2"]
[White "Gretarsson, Helgi Ass"]
[Black "Thorhallsson, Throstur"]
[Result "1/2-1/2"]
[WhiteElo "2401"]
[BlackElo "2430"]
[Annotator "TA"]
[PlyCount "83"]
[EventDate "2020.08.22"]
[EventCountry "ISL"]
[SourceTitle "playchess.com"]
[Source "ChessBase"]
[SourceQuality "1"]

{[%evp 21,83,7,6,4,20,16,24,0,5,0,11,11,3,3,6,6,14,0,0,0,20,5,60,42,70,91,83,78,135,103,126,119,128,130,127,117,106,64,81,23,18,20,18,14,141,141,141,135,138,138,138,14,16,9,13,9,12,11,4,2,2,5,5,5]} 1. c4 e6 2. Nf3 d5 3. g3 Nf6 4. Bg2 Be7 5. O-O O-O 6. d4 dxc4 7. Qc2 a6 8. a4 Bd7 9. Qxc4 Bc6 10. Bg5 Bd5 11. Qc2 Be4 12. Qd1 {E05: Open Catalan: 5 Nf3 Be7.} c5 {12...h6 might become the main line.} 13. dxc5 Bxc5 14. Qxd8 {White has an edge.} (14. Nbd2 {is more complex.} Bc6 15. Ne5 Bxg2 16. Kxg2 h6 17. Bxf6 Qxf6 18. Ndf3) 14... Rxd8 15. Nbd2 {[%cal Bb1d2,Bd2c4,Bc4a5][%mdl 32]} Bc6 16. Rfc1 {[#]} Be7 $146 ({Predecessor:} 16... Bb4 17. Rc4 Be7 18. Ne5 Bxg2 19. Kxg2 Nbd7 20. Nd3 Rac8 21. Rac1 Nb6 22. Rxc8 Rxc8 23. Rxc8+ Nxc8 {½-½ (33) Meier,G (2648)-Hou,Y (2654) Karlsruhe/Baden-Baden 2018}) 17. Nc4 Nbd7 18. Na5 $36 {[%mdl 2048] White has good play.} Bd5 19. Nd2 Bxg2 20. Kxg2 Bb4 21. Ndb3 ({Not} 21. Nxb7 $2 Rdb8 $19) 21... Bxa5 (21... h6 $11 22. Bd2 Bxd2 23. Nxd2 Ne5) 22. Nxa5 $14 b6 23. Nc6 Re8 24. a5 b5 (24... h6 $142) 25. Ra3 Ne4 26. Be3 Ndf6 27. Rd3 Nd5 28. b3 Kf8 29. Bb6 Rec8 30. Rc2 (30. f3 $16 Ne7 31. fxe4 Rxc6 32. Rcd1) 30... Ne7 $11 31. Nb4 {[#] aiming for Rxc8+.} Rxc2 32. Nxc2 Nc6 (32... Nf6 $1 $11) 33. f3 $16 Nf6 {[#]} 34. Rc3 $1 {[%cal Rc3c6]} Ne7 35. e4 Nd7 36. Rc7 (36. Nb4 $16) 36... Rc8 $11 {The position is equal.} 37. Rxc8+ Nxc8 38. Be3 {Threatens to win with Nb4.} Nd6 39. Nb4 Nb7 40. Nxa6 {And now b4 would win.} Nxa5 41. b4 Nc6 42. Nc7 {Accuracy: White = 79%, Black = 77%.} 1/2-1/2